00888nam a22002057a 450000500170000000800410001702000180005805000200007610000230009624000980011924501470021726000620036430000230042649000320044950400660048165000360054765000370058365000350062070000270065520180731122212.0180731b mx ||||| |||| 00| 0 spa d a978607825796604aGN345bR67 20141 aRoseberry, William10aAnthropologies and histories : Essays in culture, history, and political economy. lEspañol10aAntropologías e historias : bensayos sobre cultura, historia y economía política / cWilliam Roseberry ; Traducción de Atenea Acevedo aZamora, Michoacán : bEl Colegio de Michoacán, c2014 a345 p. : c23 cm.  aColección Investigaciones aBibliografía p.: 281-328. Índice temático p. : 329-345. 72lembaAntropología política 72lembaAntropología económica 72lembaEtnologíaxFilosofía1 aAcevedo, Ateneaetrad.